[Event "Mittelfranken Landesliga Nord 2122"]
[Site "Mittelfranken"]
[Date "2021.10.24"]
[Round "1.8"]
[White "Ulusoy, Tolga"]
[Black "Vogt, Thomas"]
[Result "1/2-1/2"]
[WhiteElo "2022"]
[BlackElo "1934"]
[PlyCount "90"]
[EventDate "2021.10.24"]
[EventType "team-tourn"]
[EventRounds "9"]
[EventCountry "GER"]
[SourceTitle "EXT 2024"]
[Source "ChessBase"]
[SourceDate "2023.10.10"]
[SourceVersion "1"]
[SourceVersionDate "2023.10.10"]
[SourceQuality "1"]
[WhiteTeam "Nuernberg NT II"]
[BlackTeam "Wuerzburg"]
[WhiteTeamCountry "GER"]
[BlackTeamCountry "GER"]

1. e4 e5 2. f4 exf4 3. Bc4 c6 4. d4 d5 5. exd5 cxd5 6. Bb3 Nf6 7. Nc3 Nc6 8. Nge2 Na5 9. Bxf4 a6 10. 0-0 Be7 11. Qd3 0-0 12. Be5 Nxb3 13. axb3 Be6 14. Rf3 Qd7 15. Raf1 Ne4 16. Re3 f6 17. Bf4 Bf5 18. Nxe4 Bxe4 19. Qd2 Rfe8 20. Re1 Bg6 21. Bg3 Bf8 22. Nf4 Rxe3 23. Rxe3 Re8 24. Nxg6 hxg6 25. c4 Rxe3 26. Qxe3 Kf7 27. Bf2 Qf5 28. Qc3 Bd6 29. g3 Qb1+ 30. Be1 Qf5 31. c5 Be7 32. Qb4 Qd7 33. Qc3 g5 34. Qf3 g4 35. Qf4 Qe6 36. Bf2 g5 37. Qc7 Qe4 38. Qxb7 Qb1+ 39. Kg2 Qe4+ 40. Kf1 Qb1+ 41. Be1 Qd3+ 42. Kg1 Qxd4+ 43. Bf2 Qd1+ 44. Kg2 Qf3+ 45. Kg1 Qd1+ 1/2-1/2

[Event "Verbandsliga Nordbaden 1819"]
[Site "Baden"]
[Date "2019.03.31"]
[Round "8.6"]
[White "Vinke, Andreas"]
[Black "Vogt, Thomas"]
[Result "1/2-1/2"]
[WhiteElo "2202"]
[BlackElo "2009"]
[PlyCount "51"]
[EventDate "2018.10.14"]
[EventType "team-tourn"]
[EventRounds "9"]
[EventCountry "GER"]
[SourceTitle "EXT 2020"]
[Source "ChessBase"]
[SourceDate "2019.10.17"]
[SourceVersion "1"]
[SourceVersionDate "2019.10.17"]
[SourceQuality "1"]
[WhiteTeam "Karlsruhe"]
[BlackTeam "Heidelberg"]
[WhiteTeamCountry "GER"]
[BlackTeamCountry "GER"]

1. c4 c5 2. g3 Nc6 3. Bg2 g6 4. Nc3 Bg7 5. e4 d6 6. Nge2 e6 7. d3 Nge7 8. Be3 0-0 9. d4 b6 10. 0-0 e5 11. dxc5 dxc5 12. Nd5 Nxd5 13. cxd5 Nd4 14. Nxd4 cxd4 15. Bd2 Bd7 16. Qb3 Qb8 17. a4 Qb7 18. Rfc1 Rfc8 19. Bf1 Rxc1 20. Rxc1 Rc8 21. Bc4 Bh3 22. f3 h5 23. Kf2 Qe7 24. Rc2 Kh7 25. Bb4 Qg5 26. Bd2 1/2-1/2

[Event "Landesliga Nord 1819"]
[Site "Bayern"]
[Date "2018.12.16"]
[Round "4.5"]
[White "Vogt, Thomas"]
[Black "Weigel, Robert"]
[Result "0-1"]
[WhiteElo "1912"]
[BlackElo "2080"]
[PlyCount "156"]
[EventDate "2018.10.21"]
[EventType "team-tourn"]
[EventRounds "9"]
[EventCountry "GER"]
[SourceTitle "EXT 2022"]
[Source "ChessBase"]
[SourceDate "2021.10.06"]
[SourceVersion "1"]
[SourceVersionDate "2021.10.06"]
[SourceQuality "1"]
[WhiteTeam "Wuerzburg"]
[BlackTeam "Forchheim SC"]
[WhiteTeamCountry "GER"]
[BlackTeamCountry "GER"]

1. d4 Nf6 2. Nf3 g6 3. Nc3 d5 4. Bf4 Bg7 5. e3 0-0 6. Be2 c6 7. h4 Bg4 8. Ne5 Bxe2 9. Qxe2 h5 10. 0-0-0 Nbd7 11. Rdg1 Nxe5 12. Bxe5 Ng4 13. Bxg7 Kxg7 14. f3 Nf6 15. g4 Rh8 16. g5 Nd7 17. e4 e6 18. f4 dxe4 19. Qxe4 Qc7 20. Rd1 b5 21. Qf3 Nb6 22. Rhe1 b4 23. Ne4 Nd5 24. Rf1 Qa5 25. Qb3 Qb5 26. Nd6 Qb8 27. Ne4 a5 28. Rde1 a4 29. Qc4 Qb5 30. Qc5 Rhd8 31. Rf2 Qxc5 32. dxc5 Ne7 33. Nd6 Rd7 34. Rd1 Kf8 35. Rfd2 Nd5 36. Rd4 Ra5 37. Ne4 Rb7 38. Nf6 Rxc5 39. Rxb4 Rxb4 40. Nd7+ Ke7 41. Nxc5 Rxf4 42. Nd3 Rxh4 43. Ne5 c5 44. c4 Nb6 45. b3 axb3 46. axb3 Re4 47. Nc6+ Kf8 48. Nd8 Re5 49. Rd6 Nc8 50. Rd7 Ne7 51. Nb7 h4 52. Rd8+ Kg7 53. Nd6 Rxg5 54. Ne8+ Kh6 55. Nd6 Rg1+ 56. Kd2 f5 57. Rh8+ Kg5 58. Nf7+ Kf6 59. Nd6 g5 60. Rf8+ Ke5 61. Nb7 Ng6 62. Re8 Kd4 63. Rd8+ Ke5 64. Nxc5 h3 65. Re8 Nf4 66. Nd7+ Ke4 67. Rh8 g4 68. c5 Kd5 69. b4 Rg2+ 70. Kc3 h2 71. Nf6+ Kc6 72. Kc4 Rc2+ 73. Kb3 Rxc5 74. Rc8+ Kb7 75. Rxc5 h1Q 76. Nd7 Qb1+ 77. Ka3 Nd5 78. Rc4 Qd3+ 0-1

[Event "Landesliga Nord 1819"]
[Site "Bayern"]
[Date "2018.11.11"]
[Round "2.5"]
[White "Vogt, Thomas"]
[Black "Kordts, Wolfgang"]
[Result "0-1"]
[WhiteElo "1912"]
[BlackElo "2092"]
[PlyCount "120"]
[EventDate "2018.10.21"]
[EventType "team-tourn"]
[EventRounds "9"]
[EventCountry "GER"]
[SourceTitle "EXT 2022"]
[Source "ChessBase"]
[SourceDate "2021.10.06"]
[SourceVersion "1"]
[SourceVersionDate "2021.10.06"]
[SourceQuality "1"]
[WhiteTeam "Wuerzburg"]
[BlackTeam "Nuernberg Sued SW"]
[WhiteTeamCountry "GER"]
[BlackTeamCountry "GER"]

1. d4 Nf6 2. Nf3 e6 3. e3 c5 4. Bd3 Nc6 5. b3 cxd4 6. exd4 Bb4+ 7. Bd2 0-0 8. 0-0 Bxd2 9. Nbxd2 Nb4 10. Be2 Nbd5 11. c4 Nc3 12. Qe1 Nxe2+ 13. Qxe2 b6 14. Rfd1 Bb7 15. Nf1 d6 16. Ne3 Qd7 17. Ne5 Qc7 18. N5g4 Nxg4 19. Qxg4 f5 20. Qh3 Rae8 21. f4 Kh8 22. Rac1 Be4 23. b4 Qe7 24. c5 bxc5 25. bxc5 dxc5 26. Rxc5 Rd8 27. Qh5 Rxd4 28. Rcc1 g6 29. Qe2 Qd6 30. Rxd4 Qxd4 31. Rd1 Qb6 32. Kf1 Rd8 33. Rxd8+ Qxd8 34. Qb2+ Kg8 35. Ke1 Qc7 36. g3 Qc5 37. Kd2 Kf7 38. Ke2 a5 39. a3 Bc6 40. Kd2 Bb5 41. Qh8 Qd6+ 42. Ke1 Qxa3 43. Qxh7+ Kf8 44. Qh8+ Ke7 45. Qg7+ Kd8 46. Qf6+ Kd7 47. Qd4+ Kc6 48. Qa7 Qc5 49. Qa8+ Kd7 50. Qb7+ Ke8 51. Kf2 Bd7 52. Qb2 a4 53. Qf6 a3 54. Qxg6+ Kd8 55. Qf6+ Kc8 56. Qa1 Qb4 57. Nd1 Qd2+ 58. Kg1 Qe1+ 59. Kg2 Bc6+ 60. Kh3 Qe2 0-1

[Event "Verbandsliga Nordbaden 1819"]
[Site "Baden"]
[Date "2018.11.04"]
[Round "2.8"]
[White "Vogt, Thomas"]
[Black "Orsolic, Marijan"]
[Result "1/2-1/2"]
[WhiteElo "2009"]
[BlackElo "2136"]
[PlyCount "71"]
[EventDate "2018.10.14"]
[EventType "team-tourn"]
[EventRounds "9"]
[EventCountry "GER"]
[SourceTitle "EXT 2020"]
[Source "ChessBase"]
[SourceDate "2019.10.17"]
[SourceVersion "1"]
[SourceVersionDate "2019.10.17"]
[SourceQuality "1"]
[WhiteTeam "Heidelberg"]
[BlackTeam "Ettlingen"]
[WhiteTeamCountry "GER"]
[BlackTeamCountry "GER"]

1. c4 Nf6 2. Nc3 d6 3. d4 c6 4. Nf3 Bf5 5. Qb3 Qb6 6. Qxb6 axb6 7. Nh4 Bc2 8. Kd2 Bg6 9. Nxg6 hxg6 10. h3 e5 11. e3 Na6 12. Be2 Be7 13. Bf3 Kd7 14. Rd1 Rh4 15. Kc2 e4 16. Be2 d5 17. cxd5 Nb4+ 18. Kb3 Nbxd5 19. Bd2 Rhh8 20. a3 b5 21. Nxd5 Nxd5 22. Bb4 Bxb4 23. axb4 Rhe8 24. Ra3 Rxa3+ 25. bxa3 Ra8 26. Rc1 Kd6 27. h4 f6 28. Rh1 Rh8 29. g4 g5 30. h5 Ne7 31. Rg1 Ke6 32. Bd1 Nc8 33. Be2 Nd6 34. Bd1 Ra8 35. Be2 Rh8 36. Bd1 1/2-1/2

[Event "Landesliga Nord 1718"]
[Site "Bayern"]
[Date "2018.04.15"]
[Round "9.3"]
[White "Goldbeck, Lars"]
[Black "Vogt, Thomas"]
[Result "1-0"]
[WhiteElo "2139"]
[BlackElo "1947"]
[PlyCount "55"]
[EventDate "2017.10.22"]
[EventType "team-tourn"]
[EventRounds "9"]
[EventCountry "GER"]
[SourceTitle "EXT 2022"]
[Source "ChessBase"]
[SourceDate "2021.10.06"]
[SourceVersion "1"]
[SourceVersionDate "2021.10.06"]
[SourceQuality "1"]
[WhiteTeam "Regensburg Bavaria"]
[BlackTeam "Wuerzburg"]
[WhiteTeamCountry "GER"]
[BlackTeamCountry "GER"]

1. d4 Nf6 2. c4 e6 3. Nc3 Bb4 4. f3 d5 5. a3 Bxc3+ 6. bxc3 c5 7. e3 Nc6 8. cxd5 exd5 9. Bd3 0-0 10. Ne2 Re8 11. 0-0 Qc7 12. g4 h6 13. Ra2 c4 14. Bb1 b5 15. h4 a5 16. Nf4 Ne7 17. g5 hxg5 18. hxg5 Nh7 19. Rg2 g6 20. Qe1 Kg7 21. Qh4 Rh8 22. Qh6+ Kg8 23. Rh2 Ra6 24. e4 b4 25. Ne2 bxc3 26. Bf4 Qd8 27. Be5 f6 28. gxf6 1-0

[Event "Verbandsliga Nordbaden 1718"]
[Site "Baden"]
[Date "2017.10.08"]
[Round "1.7"]
[White "Vogt, Thomas"]
[Black "Mueller, Uwe"]
[Result "1-0"]
[WhiteElo "2009"]
[BlackElo "2195"]
[PlyCount "81"]
[EventDate "2017.10.08"]
[EventType "team-tourn"]
[EventRounds "9"]
[EventCountry "GER"]
[SourceTitle "EXT 2019"]
[Source "ChessBase"]
[SourceDate "2018.10.10"]
[SourceVersion "1"]
[SourceVersionDate "2018.10.10"]
[SourceQuality "1"]
[WhiteTeam "Heidelberg"]
[BlackTeam "Ettlingen II"]
[WhiteTeamCountry "GER"]
[BlackTeamCountry "GER"]

1. Nf3 Nf6 2. g3 g6 3. Bg2 d5 4. d4 Bg7 5. c4 c6 6. cxd5 cxd5 7. 0-0 Nc6 8. Nc3 0-0 9. Bf4 e6 10. Ne5 Bd7 11. Qd2 Qb6 12. Rfd1 Rfc8 13. Rac1 Be8 14. h3 Nh5 15. Nxc6 Bxc6 16. Be3 Nf6 17. Rc2 Qd8 18. Qd3 Qd7 19. Kh2 a6 20. f3 b5 21. Nb1 b4 22. Qd2 a5 23. Rdc1 Bb5 24. Bf1 Ne8 25. b3 Nd6 26. Bf2 Ba6 27. Qd1 Rxc2 28. Rxc2 Rc8 29. Nd2 Nb5 30. e3 Rxc2 31. Qxc2 Na3 32. Qc5 Bxf1 33. Nxf1 Qb5 34. Qc8+ Bf8 35. Kg1 Qe2 36. g4 Qxf3 37. Bg3 Kg7 38. Be5+ f6 39. Qd7+ Kh8 40. Qf7 Bg7 41. Qe8+ 1-0

[Event "Baden-ch U2000"]
[Site "Walldorf"]
[Date "2017.07.27"]
[Round "2"]
[White "Alle, Werner"]
[Black "Vogt, Thomas"]
[Result "1/2-1/2"]
[WhiteElo "1785"]
[BlackElo "2101"]
[PlyCount "91"]
[EventDate "2017.07.26"]
[EventType "swiss"]
[EventRounds "7"]
[EventCountry "GER"]
[SourceTitle "EXT 2018"]
[Source "ChessBase"]
[SourceDate "2017.10.13"]
[SourceVersion "1"]
[SourceVersionDate "2017.10.13"]
[SourceQuality "1"]

1. e4 c5 2. d4 cxd4 3. c3 d3 4. c4 Nc6 5. Bxd3 g6 6. Nf3 Bg7 7. Nc3 d6 8. h3 Nf6 9. 0-0 0-0 10. Bg5 h6 11. Be3 Be6 12. Qd2 Kh7 13. Rad1 Rc8 14. Nd5 Nd7 15. b3 a6 16. Bb1 b5 17. Nd4 Nxd4 18. Bxd4 bxc4 19. Nf4 c3 20. Qc2 Qe8 21. Bxg7 Kxg7 22. Nxe6+ fxe6 23. f4 e5 24. f5 Rf6 25. Rf3 Nb8 26. Rg3 Rc5 27. b4 Rc4 28. Rxc3 Rxc3 29. Qxc3 Nc6 30. Qc4 Qa8 31. Qd5 Qa7+ 32. Kh2 Nd4 33. a3 Qd7 34. Ba2 Qc8 35. Rc1 Qf8 36. Rc7 gxf5 37. Rxe7+ Kg6 38. Ra7 f4 39. Ra8 Qe7 40. Qg8+ Qg7 41. Qe8+ Kg5 42. Qa4 Rg6 43. Rg8 Qf6 44. Qd1 h5 45. Rxg6+ Qxg6 46. Bd5 1/2-1/2

[Event "Regionalliga NW 1617"]
[Site "Bayern"]
[Date "2017.02.19"]
[Round "6.5"]
[White "Becker, Alexander1111"]
[Black "Vogt, Thomas"]
[Result "1/2-1/2"]
[WhiteElo "1945"]
[BlackElo "1961"]
[PlyCount "47"]
[EventDate "2016.10.16"]
[EventType "team-tourn"]
[EventRounds "9"]
[EventCountry "GER"]
[SourceTitle "EXT 2019"]
[Source "ChessBase"]
[SourceDate "2018.10.10"]
[SourceVersion "1"]
[SourceVersionDate "2018.10.10"]
[SourceQuality "1"]
[WhiteTeam "Kronach"]
[BlackTeam "Wuerzburg"]
[WhiteTeamCountry "GER"]
[BlackTeamCountry "GER"]

1. d4 Nf6 2. c4 e6 3. g3 c5 4. d5 exd5 5. cxd5 d6 6. Nc3 g6 7. Bg2 Bg7 8. Nf3 0-0 9. 0-0 Re8 10. Nd2 a6 11. a4 Nbd7 12. h3 Rb8 13. Nc4 Ne5 14. Na3 Qc7 15. f4 Ned7 16. Qd3 Nb6 17. e4 c4 18. Qc2 Nbd7 19. Be3 Nh5 20. Ba7 Ra8 21. Bf2 Rb8 22. Ba7 Ra8 23. Bf2 Rb8 24. Ba7 1/2-1/2

[Event "Regionalliga NW 1516"]
[Site "Bayern"]
[Date "2016.01.31"]
[Round "6.4"]
[White "Vogt, Thomas"]
[Black "Mueller, Roland1111"]
[Result "1-0"]
[WhiteElo "1981"]
[BlackElo "1899"]
[PlyCount "85"]
[EventDate "2015.10.11"]
[EventType "team-tourn"]
[EventRounds "9"]
[EventCountry "GER"]
[SourceTitle "EXT 2018"]
[Source "ChessBase"]
[SourceDate "2017.10.13"]
[SourceVersion "1"]
[SourceVersionDate "2017.10.13"]
[SourceQuality "1"]
[WhiteTeam "Wuerzburg"]
[BlackTeam "Bad Koenigshofen"]
[WhiteTeamCountry "GER"]
[BlackTeamCountry "GER"]

1. d4 e6 2. Nf3 d5 3. e3 c5 4. b3 Nf6 5. Bd3 b6 6. Qe2 Bb7 7. Bb2 Nbd7 8. Nbd2 Bd6 9. 0-0 Rc8 10. Ne5 0-0 11. f4 Qe7 12. Ndf3 Rc7 13. Rac1 cxd4 14. exd4 Ba3 15. c3 Bxb2 16. Qxb2 Ne4 17. Nxd7 Qxd7 18. Ne5 Qd6 19. Bxe4 dxe4 20. Nc4 Qd7 21. Ne3 g6 22. c4 f5 23. Rfd1 Qg7 24. Qf2 Rd8 25. Nc2 Rcd7 26. Rd2 Qe7 27. Rcd1 Rd6 28. Qe3 Qc7 29. Na3 R6d7 30. Nb5 Qb8 31. Nc3 Bc6 32. d5 exd5 33. cxd5 Bb7 34. Rd4 Ba6 35. Na4 Bd3 36. Nb2 Rxd5 37. R1xd3 Rxd4 38. Rxd4 Rxd4 39. Qxd4 Qxf4 40. Qd8+ Kg7 41. Qd4+ Kh6 42. Nd1 Qc1 43. Qe3+ 1-0

[Event "Regionalliga NW 1516"]
[Site "Bayern"]
[Date "2016.01.17"]
[Round "5.5"]
[White "Vogt, Thomas"]
[Black "Schwarzmann, Holger"]
[Result "1-0"]
[WhiteElo "1981"]
[BlackElo "1834"]
[PlyCount "55"]
[EventDate "2015.10.11"]
[EventType "team-tourn"]
[EventRounds "9"]
[EventCountry "GER"]
[SourceTitle "EXT 2018"]
[Source "ChessBase"]
[SourceDate "2017.10.13"]
[SourceVersion "1"]
[SourceVersionDate "2017.10.13"]
[SourceQuality "1"]
[WhiteTeam "Wuerzburg"]
[BlackTeam "Hoechstadt/Aisch"]
[WhiteTeamCountry "GER"]
[BlackTeamCountry "GER"]

1. e4 d5 2. exd5 Nf6 3. d4 Nxd5 4. Nf3 e6 5. c4 Nf6 6. Nc3 c5 7. Be2 Nc6 8. d5 Nb4 9. a3 Na6 10. 0-0 Bd6 11. Bg5 h6 12. Bh4 Be7 13. Bg3 Nh7 14. Qc2 Bd7 15. Rad1 Qc8 16. Bd3 Nf6 17. Rfe1 0-0 18. Ne5 exd5 19. cxd5 Bd8 20. Nxd7 Nxd7 21. Bd6 Nc7 22. Bxf8 Nxf8 23. Bf5 Qb8 24. Ne4 b6 25. Ng3 Nb5 26. Re8 g5 27. Bh7+ Kg7 28. Nh5+ 1-0

[Event "Regionalliga NW 1516"]
[Site "Bayern"]
[Date "2015.12.13"]
[Round "4.5"]
[White "Strobel, Walter"]
[Black "Vogt, Thomas"]
[Result "1/2-1/2"]
[WhiteElo "2035"]
[BlackElo "1981"]
[PlyCount "139"]
[EventDate "2015.10.11"]
[EventType "team-tourn"]
[EventRounds "9"]
[EventCountry "GER"]
[SourceTitle "EXT 2018"]
[Source "ChessBase"]
[SourceDate "2017.10.13"]
[SourceVersion "1"]
[SourceVersionDate "2017.10.13"]
[SourceQuality "1"]
[WhiteTeam "Klingenberg"]
[BlackTeam "Wuerzburg"]
[WhiteTeamCountry "GER"]
[BlackTeamCountry "GER"]

1. e4 e5 2. Nc3 Nf6 3. f4 d5 4. fxe5 Nxe4 5. d3 Nxc3 6. bxc3 d4 7. Nf3 Nc6 8. Be2 Be7 9. 0-0 0-0 10. Bf4 f6 11. cxd4 Nxd4 12. c3 fxe5 13. Bxe5 Nxe2+ 14. Qxe2 Bg4 15. Rae1 Bd6 16. d4 Bxf3 17. Rxf3 Bxe5 18. Rxf8+ Qxf8 19. Qxe5 Qf7 20. Rf1 Qd7 21. h3 Re8 22. Qc5 a6 23. Qc4+ Qe6 24. Qxc7 Rc8 25. Qxb7 Rxc3 26. Qb8+ Rc8 27. Qb3 Qxb3 28. axb3 Rc3 29. Ra1 Rxb3 30. Rxa6 Rb4 31. Rd6 Kf8 32. Rd7 h6 33. Kf2 Rb2+ 34. Kf3 Rb3+ 35. Kf4 Rb2 36. g3 Rf2+ 37. Kg4 Re2 38. h4 Re4+ 39. Kf5 Re3 40. Kf4 Re1 41. Ra7 Re2 42. d5 Rd2 43. Ke4 Re2+ 44. Kd4 Rd2+ 45. Ke5 Re2+ 46. Kf5 Rd2 47. Ke4 Re2+ 48. Kd3 Rg2 49. d6 Rxg3+ 50. Ke4 Ke8 51. Re7+ Kd8 52. Kd5 g5 53. h5 g4 54. Rh7 Rd3+ 55. Ke5 Re3+ 56. Kf5 g3 57. Rxh6 g2 58. Rg6 Rh3 59. Ke6 Re3+ 60. Kf5 Rh3 61. Ke6 Rf3 62. Kd5 Rd3+ 63. Kc5 Rc3+ 64. Kb5 Rb3+ 65. Kc4 Rh3 66. Kc5 Rc3+ 67. Kd4 Rh3 68. Rxg2 Rxh5 69. Rg7 Ra5 70. Rh7 1/2-1/2

[Event "Regionalliga NW 1516"]
[Site "Bayern"]
[Date "2015.10.25"]
[Round "2.5"]
[White "Becker, Alexander1111"]
[Black "Vogt, Thomas"]
[Result "0-1"]
[WhiteElo "1944"]
[BlackElo "1981"]
[PlyCount "82"]
[EventDate "2015.10.11"]
[EventType "team-tourn"]
[EventRounds "9"]
[EventCountry "GER"]
[SourceTitle "EXT 2018"]
[Source "ChessBase"]
[SourceDate "2017.10.13"]
[SourceVersion "1"]
[SourceVersionDate "2017.10.13"]
[SourceQuality "1"]
[WhiteTeam "Kronach"]
[BlackTeam "Wuerzburg"]
[WhiteTeamCountry "GER"]
[BlackTeamCountry "GER"]

1. d4 Nf6 2. c4 e6 3. g3 c5 4. d5 exd5 5. cxd5 d6 6. Nc3 g6 7. Bg2 Bg7 8. Nf3 0-0 9. 0-0 Re8 10. Nd2 a6 11. a4 Nbd7 12. h3 b6 13. Nc4 Ne5 14. Na3 Qc7 15. f4 Ned7 16. Nc4 Rb8 17. Bd2 b5 18. axb5 axb5 19. Na5 b4 20. Nc6 bxc3 21. Bxc3 Bb7 22. Ba5 Nb6 23. Nxb8 Rxb8 24. e4 Nfd7 25. Qc2 Qd8 26. Rad1 Ra8 27. Bc3 Bxc3 28. Qxc3 Na4 29. Qc2 Qb6 30. Kh2 Qb4 31. Rf2 Nab6 32. h4 Ra2 33. e5 dxe5 34. f5 Nc4 35. fxg6 hxg6 36. Rb1 Ne3 37. Qc1 Ng4+ 38. Kg1 Nxf2 39. Kxf2 Qd4+ 40. Ke1 Bxd5 41. Bxd5 Qxd5 0-1

[Event "Regionalliga NW 1314"]
[Site "Bayern"]
[Date "2013.11.10"]
[Round "2.4"]
[White "Vogt, Thomas"]
[Black "Kannenberg, Karl Heinz"]
[Result "1-0"]
[WhiteElo "1936"]
[BlackElo "2137"]
[PlyCount "101"]
[EventDate "2013.10.13"]
[EventType "team-tourn"]
[EventRounds "9"]
[EventCountry "GER"]
[SourceTitle "EXT 2015"]
[Source "ChessBase"]
[SourceDate "2014.11.20"]
[SourceVersion "1"]
[SourceVersionDate "2014.11.20"]
[SourceQuality "1"]
[WhiteTeam "Wuerzburg II"]
[BlackTeam "Kitzingen"]
[WhiteTeamCountry "GER"]
[BlackTeamCountry "GER"]

1. d4 d5 2. Nf3 c6 3. e3 f5 4. c4 e6 5. Bd3 Nf6 6. 0-0 Bd6 7. b3 Qe7 8. a4 0-0 9. Ba3 a5 10. Bxd6 Qxd6 11. Nbd2 Na6 12. c5 Qc7 13. Bxa6 Rxa6 14. Ne5 b6 15. Qc2 Nd7 16. Ndf3 bxc5 17. Nxd7 Bxd7 18. Qxc5 Rb8 19. Ne5 Be8 20. Rab1 Rb7 21. Rfc1 Qe7 22. Nd3 Kf7 23. Qxe7+ Rxe7 24. b4 Rea7 25. Nc5 Rb6 26. bxa5 Rxb1 27. Rxb1 Rxa5 28. Rb7+ Kf6 29. Rb8 Ke7 30. Kf1 e5 31. Ke1 exd4 32. exd4 f4 33. Kd2 h5 34. h4 Bg6 35. Rb6 Be8 36. Rb8 Bg6 37. Rb6 Be8 38. Ra6 Rxa6 39. Nxa6 Kd8 40. Nc5 Bf7 41. Ke2 Kc7 42. a5 Kb8 43. Kf3 Ka7 44. Kxf4 Bg6 45. Kg5 Bf7 46. f3 Kb8 47. g4 hxg4 48. fxg4 Ka7 49. h5 Be8 50. h6 gxh6+ 51. Kxh6 1-0

[Event "Regionalliga NW 1213"]
[Site "Bayern"]
[Date "2013.01.13"]
[Round "5.7"]
[White "Reer, Erdmann"]
[Black "Vogt, Thomas"]
[Result "0-1"]
[WhiteElo "1836"]
[BlackElo "1919"]
[PlyCount "142"]
[EventDate "2012.10.14"]
[EventType "team-tourn"]
[EventRounds "9"]
[EventCountry "GER"]
[SourceTitle "EXT 2015"]
[Source "ChessBase"]
[SourceDate "2014.11.20"]
[SourceVersion "1"]
[SourceVersionDate "2014.11.20"]
[SourceQuality "1"]
[WhiteTeam "Coburg"]
[BlackTeam "Wuerzburg II"]
[WhiteTeamCountry "GER"]
[BlackTeamCountry "GER"]

1. e4 e5 2. Nf3 Nc6 3. Bb5 a6 4. Bxc6 dxc6 5. d4 exd4 6. Qxd4 Qxd4 7. Nxd4 Bd7 8. Nc3 0-0-0 9. Be3 Ne7 10. 0-0-0 Ng6 11. f3 Bd6 12. Nce2 Rde8 13. Bf2 Rhf8 14. h4 c5 15. Nb3 b6 16. Bg3 Bxg3 17. Nxg3 Nf4 18. Rd2 f5 19. exf5 Bxf5 20. Nxf5 Rxf5 21. c3 Rfe5 22. Rhd1 R5e7 23. Kc2 Ng6 24. Rh1 Re1 25. Rxe1 Rxe1 26. g3 Rg1 27. h5 Ne5 28. Rf2 Rxg3 29. Nd2 Kd7 30. Ne4 Rxf3 31. Rd2+ Kc6 32. Ng5 Rf5 33. Nxh7 Rxh5 34. Nf8 Rh6 35. Rg2 Rf6 36. Nh7 Rf7 37. Ng5 Re7 38. Nh3 Nc4 39. Rg6+ Kd7 40. Nf4 Ne5 41. Rg2 b5 42. Nh5 g6 43. Nf4 Rg7 44. Rd2+ Kc6 45. Rd5 Re7 46. b4 cxb4 47. cxb4 Kb7 48. Rc5 c6 49. Rc3 g5 50. Nh3 g4 51. Nf2 Rf7 52. Ne4 Rf3 53. Rxf3 Nxf3 54. Kd3 Kb6 55. Ke3 a5 56. a3 a4 57. Kf4 Nd4 58. Nd2 Nc2 59. Nb1 c5 60. bxc5+ Kxc5 61. Kxg4 Kc4 62. Kf3 Kb3 63. Ke2 Nxa3 64. Nd2+ Kc2 65. Nf3 b4 66. Ne1+ Kc3 67. Kd1 b3 68. Nf3 b2 69. Nd2 b1Q+ 70. Nxb1+ Nxb1 71. Kc1 Nd2 0-1

[Event "Unterfranken-ch M1 63th"]
[Site "Schweinfurt"]
[Date "2012.04.12"]
[Round "6"]
[White "Vogt, Thomas"]
[Black "Hofstetter, Hans Joachim"]
[Result "0-1"]
[WhiteElo "1859"]
[BlackElo "2120"]
[PlyCount "95"]
[EventDate "2012.04.09"]
[EventType "swiss"]
[EventRounds "9"]
[EventCountry "GER"]
[SourceTitle "EXT 2015"]
[Source "ChessBase"]
[SourceDate "2014.11.20"]
[SourceVersion "1"]
[SourceVersionDate "2014.11.20"]
[SourceQuality "1"]

1. d4 Nf6 2. Nf3 e6 3. e3 b6 4. c4 Bb4+ 5. Bd2 Qe7 6. Bd3 0-0 7. 0-0 d5 8. a3 dxc4 9. Bxc4 Bd6 10. Nc3 Nbd7 11. e4 e5 12. Nd5 Nxd5 13. Bxd5 Rb8 14. Bg5 Nf6 15. dxe5 Bxe5 16. Nd4 Bd7 17. f4 Bxd4+ 18. Qxd4 c6 19. Bb3 Be6 20. Bxe6 fxe6 21. Qd1 Qd7 22. Qxd7 Nxd7 23. Rad1 Rf7 24. Rd6 h6 25. Bh4 Nc5 26. b4 Nxe4 27. Rxe6 Rc8 28. Re7 Rxe7 29. Bxe7 Kf7 30. Bh4 Ke6 31. Rd1 c5 32. bxc5 bxc5 33. g4 c4 34. Bg3 g6 35. Kf1 h5 36. gxh5 gxh5 37. Be1 c3 38. Ke2 Kf5 39. Rc1 c2 40. Kd3 Nc5+ 41. Kxc2 Nd3+ 42. Kxd3 Rxc1 43. Bd2 Rh1 44. Be3 a6 45. Kd4 Rxh2 46. Kd5 Re2 47. Bd4 a5 48. Kc6 0-1